000 00902nam a22003017a 4500
003 CHAP
005 20220329140411.0
008 971013s1953 r 00010 d
010 _a51452
011 _a52424
035 _a56574
040 _cCHAP
082 _a526.9
_bT68 1953
100 0 0 _aToscano, Ricardo.
_9114343
245 _aMétodos topográficos
250 _a11 ed.
260 _aMéxico, D.F. :
_b(s.e.),
_c1953
300 _a918 p.
_b: ilus.
590 _aBATCH-UPD
_b10
_c20130110
_lUCH01
_h1208
590 _aBATCH-UPD
_b10
_c20130410
_lUCH01
_h0748
590 _aBATCH-UPD
_b10
_c20130914
_lUCH01
_h2049
590 _aCONVERSION
_b10
_c20130109
_lUCH01
_h1328
650 1 4 _aTopografía.
_9113907
901 _aBK
942 _cLIBRO
949 _a526.9 T68 1953
_bBC
_cLIBRO
_d33724000936506
_eLIBRO
_fc.2
_i56574
_si
949 _a526.9 T68 1953
_bBC
_cLIBRO
_d33724002063488
_eLIBRO
_i56574
_si
999 _c51452
_d51452